[Event "Nova Gorica op"]
[Site "Nova Gorica"]
[Date "1997.??.??"]
[Round "6"]
[White "Buturin, Vladimir"]
[Black "Ivacic, Vladimir"]
[Result "1/2-1/2"]
[WhiteElo "2465"]
[BlackElo "2285"]

1.c4 c6 2.d4 d5 3.Nf3 Nf6 4.Nc3 g6 5.e3 Bg7 6.Bd3 O-O 7.O-O Qb6 8.b3 Nbd7
9.Bb2 Re8 10.cxd5 Nxd5 11.Bc4 N7f6 12.Ne5 Be6 13.Na4 Qc7 14.Nc5 Bf5 15.Qf3 b6
16.Ncd3 Be4 17.Qe2 e6 18.Rac1 Qd6 19.Bxd5 Bxd3 20.Qxd3 cxd5 21.Rc6 Qd8 22.Rfc1 Ne4
23.f3 Nd6 24.R1c2 f6 25.Ng4 Rc8 26.Rxc8 Nxc8 27.Ba3 Qd7 28.h3 Kf7 29.Qc3 Ne7
30.Qc7 Rd8 31.Bxe7 Kxe7 32.Qc3 Qd6 33.f4 Rd7 34.Qc8 Kf7 35.Rc6 Qe7 36.Qb8 Rd8
37.Qc7 Rd7 38.Qc8 h5 39.Nh2 Rd8 40.Qc7 Rd7 41.Qc8 Rd8  1/2-1/2

[Event "RUS-Cup9"]
[Site "Novgorod"]
[Date "1997.??.??"]
[Round "1"]
[White "Vaulin, Alexander"]
[Black "Annenkov, Kirill"]
[Result "1-0"]
[WhiteElo "2490"]
[BlackElo "2265"]

1.c4 c6 2.d4 d5 3.Nf3 Nf6 4.Qc2 e6 5.Bg5 Be7 6.e3 O-O 7.Nbd2 Nbd7 8.Bd3 h6
9.Bh4 Nh5 10.Bxe7 Qxe7 11.O-O Nhf6 12.a3 e5 13.cxd5 Nxd5 14.Rfe1 N5f6 15.Bc4 Kh8
16.e4 Nh5 17.g3 exd4 18.e5 c5 19.e6 fxe6 20.Rxe6 Qd8 21.Rae1 Nb6 22.Ne5 Nxc4
23.Nf7+ Rxf7 24.Re8+ Rf8 25.Rxd8 Rxd8 26.Qxc4 b6 27.b4 Bh3 28.bxc5 bxc5 29.Nf3 Nf6
30.Ne5 Rd5 31.Ng6+  1-0

[Event "Pinar del Rio"]
[Site "Pinar del Rio"]
[Date "1997.??.??"]
[Round "4"]
[White "Otero, Evelio"]
[Black "Chavez, Hector Eduardo"]
[Result "1-0"]
[WhiteElo "2405"]
[BlackElo "2085"]

1.c4 c6 2.Nf3 d5 3.b3 Nf6 4.g3 Bf5 5.Bg2 e6 6.O-O Be7 7.Bb2 O-O 8.d3 Nbd7
9.Nbd2 Qb6 10.Qc2 Rfc8 11.Rac1 Qd8 12.Qb1 a5 13.a3 b5 14.cxb5 cxb5 15.Nd4 Bg6
16.Nxb5 Qb6 17.a4 Bc5 18.Qa1 e5 19.Bh3 Re8 20.Ba3 e4 21.Bxc5 Nxc5 22.Qd4 Nfd7
23.Bxd7 Nxd7 24.Qxb6 Nxb6 25.Nc7 exd3 26.Nxa8  1-0

[Event "Plzen KB opJ-C"]
[Site "Plzen"]
[Date "1997.??.??"]
[Round "7"]
[White "Vlk, Miroslav"]
[Black "Novak, K."]
[Result "0-1"]
[WhiteElo "1925"]
[BlackElo "1825"]

1.c4 c6 2.d4 d5 3.cxd5 cxd5 4.Nc3 Nc6 5.Nf3 Nf6 6.Bf4 Bg4 7.h3 Bxf3 8.gxf3 e6
9.e3 Bb4 10.Rc1 a6 11.Bd3 h6 12.a3 Bd6 13.Ne2 Nh5 14.Bxd6 Qxd6 15.f4 Nf6
16.Rg1 g6 17.Qc2 Ke7 18.Qb3 Na5 19.Qa4 Nc6 20.f3 Rhd8 21.Kf2 Rac8 22.Rc3 Kf8
23.Rgc1 Ne7 24.Qa5 Rxc3 25.Rxc3 Rc8 26.b4 Kg7 27.Rxc8 Nxc8 28.Qc5 Qd8 29.Ng3 Nd7
30.Qc2 Nd6 31.Kg2 Nb6 32.Nf1 Nbc4 33.Qc3 Qc8 34.Kh2 Nb5 35.Qc1 Nbxa3 36.Nd2 Qc6
37.h4 Qb5 38.h5 Qxb4 39.Nxc4 Nxc4 40.hxg6 Qd2+ 41.Qxd2 Nxd2 42.gxf7 Nxf3+
43.Kg3 Nd2 44.Bg6 Nc4 45.Kf3 Nd6 46.f5 Nxf5 47.Kf4 Ne7 48.Bh5 Nc6 49.e4 a5
50.exd5 exd5 51.Kf5 Nd8 52.Ke5 Nxf7+ 53.Kxd5 Ng5 54.Kc5 Ne6+ 55.Kc4 Kf6 56.Bf3 b5+
57.Kc3 Nc7 58.Kd3 Ke6 59.Bg4+ Kd6 60.Kc3 Nd5+ 61.Kb3 Nf6 62.Be2 Kc6 63.Kc3 h5
64.d5+ Nxd5+ 65.Kd4 Nf4 66.Bf3+ Kd6 67.Ke4 Ne6 68.Bxh5 Kc5 69.Ke3 Kb4 70.Kd2 Nd4
71.Kd3 Nb3 72.Kc2 a4 73.Kb2 Nd2 74.Be8 Nc4+ 75.Ka2 Nd6 76.Bd7 Ka5 77.Be6 b4
78.Bd7 Ne4 79.Kb2 Nc3 80.Kc2 Kb6 81.Be8 Kc5 82.Bf7 Kd4 83.Be8 b3+ 84.Kb2 Kc4
85.Ka3 Nb1+ 86.Kxa4 Kc3 87.Bg6 Nd2 88.Ka3 Nc4+ 89.Ka4 Ne3 90.Bb1 Nc2 91.Kb5 Na3+  0-1

[Event "Policka op"]
[Site "Policka"]
[Date "1997.??.??"]
[Round "8"]
[White "Hausner, Ivan"]
[Black "Karhanec, Pavel"]
[Result "1/2-1/2"]
[WhiteElo "2410"]
[BlackElo "2175"]

1.c4 c6 2.e4 e5 3.Nf3 d6 4.d4 Nd7 5.Nc3 Ngf6 6.Be2 Be7 7.O-O O-O 8.b3 Re8
9.Re1 Qc7 10.Bf1 a6 11.Bb2 Bf8 12.Rc1 exd4 13.Nxd4 Nc5 14.f3 Nh5 15.Qd2 g6
16.g3 Bd7 17.Kh1 Rad8 18.b4 Ne6 19.Nxe6 fxe6 20.g4 Ng7 21.e5 Be7 22.Ne4 dxe5
23.Qh6 Rf8 24.c5 Bc8 25.Ng3 Rd5 26.Bc4 Qd8 27.Ne4 Rxf3 28.Bxd5 Qxd5 29.Rcd1 Rf1+
30.Kg2 Rxe1 31.Rxd5 exd5 32.Ng5 Bxg5  1/2-1/2

[Event "ESP-chT"]
[Site "Ponferrada"]
[Date "1997.??.??"]
[Round "4"]
[White "Solana Suarez, Ernesto"]
[Black "Bermejo, Luis"]
[Result "1-0"]
[WhiteElo "2295"]
[BlackElo "2180"]

1.c4 c6 2.e4 e5 3.Nf3 d6 4.d4 Bg4 5.d5 Be7 6.Nc3 Bxf3 7.Qxf3 Nd7 8.Be2 Bg5
9.O-O Bxc1 10.Rfxc1 Ngf6 11.b4 c5 12.a3 O-O 13.Na4 cxb4 14.axb4 a5 15.Rab1 axb4
16.Rxb4 Qa5 17.Rcb1 Ra7 18.g3 Rb8 19.Qe3 Nc5 20.Nc3 Qd8 21.Bf3 Ra3 22.Qd2 Rba8
23.Kg2 g6 24.Rb5 Qc7 25.Kg1 Kg7 26.Bg2 Qb8 27.R5b4 Ra1 28.h3 Rxb1+ 29.Rxb1 Ra3
30.Qc1 Qa8 31.Nb5 Ra2 32.Nxd6 Rxf2 33.Nf5+ Kh8 34.Ra1 Ra2 35.Rxa2 Qxa2 36.Qh6 gxf5
37.Qxf6+ Kg8 38.Qg5+ Kf8 39.exf5 Nd3 40.Qd8+ Kg7 41.f6+  1-0

[Event "Porto San Giorgio op"]
[Site "Porto San Giorgio"]
[Date "1997.??.??"]
[Round "7"]
[White "Campanile, Antonio"]
[Black "Ubezio, Marco"]
[Result "0-1"]
[WhiteElo "2155"]
[BlackElo "2185"]

1.c4 c6 2.Nf3 d5 3.b3 Bg4 4.Bb2 Nd7 5.d3 e6 6.Qc2 Ngf6 7.Nbd2 b5 8.cxb5 cxb5
9.Rc1 Bxf3 10.Nxf3 Bb4+ 11.Kd1 Ng4 12.e3 O-O 13.Nd4 Qh4 14.g3 Qf6 15.Rg1 Nde5  0-1

[Event "GER-chT Seniors"]
[Site "Potsdam"]
[Date "1997.??.??"]
[Round "2"]
[White "Hoffmann, Hans"]
[Black "Gretzer, Otmar"]
[Result "1/2-1/2"]
[WhiteElo "2210"]
[BlackElo "2185"]

1.c4 c6 2.d4 d5 3.Nf3 Nf6 4.Nc3 e6 5.Bg5 Be7 6.e3 O-O 7.Qc2 Nbd7 8.Be2 dxc4
9.Bxc4 b5 10.Bd3 Bb7 11.O-O Rc8 12.Rad1 h6 13.Bh4 Nd5 14.Bxe7 Qxe7 15.Nxd5 cxd5
16.Qb3 a6 17.Bb1 Rc7 18.Qd3 g6 19.Rc1 Rfc8 20.Rxc7 Rxc7 21.Qd2 Kg7 22.h4 f5
23.g3 Qd6 24.h5 g5 25.Qd3 Nf6 26.Ne5 g4 27.Kg2 Qb4 28.Qe2 Ne4 29.Bxe4 dxe4
30.Nxg4 Qc4 31.Qxc4 Rxc4 32.b3 Rc2 33.Ne5 Bd5 34.Ra1 Bc6 35.Nxc6 Rxc6 36.Rd1 Kf6
37.Rd2 Kg5 38.d5 exd5 39.Rxd5 Rc2 40.a4 bxa4 41.bxa4 Rc6 42.Kh3 Rc2 43.f4+ Kxh5
44.Rxf5+ Kg6 45.Re5 Rc4 46.Re6+ Kg7 47.Rxa6 Rc3 48.Re6 Rxe3 49.a5 Ra3 50.Rxe4 Rxa5
51.Rb4 Ra6 52.Kh4 Kg6 53.g4 Ra3 54.Rb6+ Kg7 55.Rb7+ Kf6 56.Rb6+ Kg7 57.f5 Ra1
58.Rg6+ Kh7 59.Kg3 Rf1 60.Ra6 h5 61.g5 Rxf5 62.Rh6+ Kg7 63.Rxh5  1/2-1/2

[Event "SVK-ch"]
[Site "Presov"]
[Date "1997.??.??"]
[Round "2"]
[White "Pekar, Karol"]
[Black "Dovzik, Juri"]
[Result "0-1"]
[WhiteElo "2140"]
[BlackElo "2410"]

1.c4 c6 2.Nf3 d5 3.b3 Bg4 4.Bb2 e6 5.e3 Nf6 6.Be2 Nbd7 7.O-O Bd6 8.d4 Qc7
9.h3 Bxf3 10.Bxf3 O-O 11.Nd2 Rfe8 12.Rc1 Rad8 13.Qc2 Nf8 14.c5 Be7 15.b4 Ng6
16.a4 e5 17.dxe5 Nxe5 18.Be2 Nfd7 19.Nb3 Bf6 20.Nd4 Ng6 21.b5 Bxd4 22.Bxd4 Ndf8
23.Rfd1 Ne6 24.Bb2 Qe7 25.Bd3 Qh4 26.Bf5 Qe7 27.Qc3 Ngf8 28.Qe5 f6 29.Qg3 Rc8
30.Ba3 Nd7 31.Qg4 Nef8 32.e4 Ne5 33.Qg3 dxe4 34.Bxc8 Rxc8 35.Qe3 f5 36.Rd6 Qf7
37.Qd4 Re8 38.Rd1 Nc4 39.Bb2 cxb5 40.Rd5 Ne6 41.Qc3 Nf4 42.R5d2 Nxd2 43.Qxd2 Nd3
44.axb5 Nxc5 45.Qd6 Nd3 46.Bd4 b6 47.Rd2 Rc8 48.g3 h6  0-1

[Event "SVK-ch"]
[Site "Presov"]
[Date "1997.??.??"]
[Round "7"]
[White "Shurygin, Sergey"]
[Black "Blaho, Stefan"]
[Result "1/2-1/2"]
[WhiteElo "2365"]
[BlackElo "2205"]

1.c4 c6 2.e4 d5 3.cxd5 cxd5 4.exd5 Nf6 5.Nc3 Nxd5 6.Nf3 Nc6 7.d4 e6 8.Bd3 Be7
9.O-O O-O 10.Re1 b6 11.Nxd5 exd5 12.Bxh7+ Kxh7 13.Qc2+ Kg8 14.Qxc6 Bf5 15.Bf4 Be4
16.Nd2 Bb4 17.Qa4 Bxd2 18.Bxd2 Qe8 19.Qxe8 Rfxe8 20.f3 Bf5 21.Rac1 Rxe1+
22.Rxe1 Be6 23.Rc1 Rc8 24.Rxc8+ Bxc8 25.Bf4 Bf5 26.Bb8 a6 27.Bc7 b5 28.b4 f6
29.Kf2 g6 30.Kg3 Kf7 31.Bd8 Ke6 32.h4 Bb1 33.a3 Kf5 34.Kf2 Bc2 35.Ke3 Ke6
36.Kf4 Bd3 37.g4 Bc2 38.Kg3 Bd1 39.f4 Be2 40.f5+ gxf5 41.g5 fxg5 42.Bxg5 Bh5
43.Kf4 Bd1 44.Bd8 Be2 45.Kg5 f4 46.Kxf4 Bd3 47.Bc7 Bc2 48.Kg5 Bd3 49.Be5 Bc2
50.Kh6 Kf7 51.h5 Bd3 52.Kg5 Bc2 53.Bh8 Bd3 54.Kf4 Ke6  1/2-1/2

[Event "EU-chT (Men)"]
[Site "Pula"]
[Date "1997.??.??"]
[Round "3"]
[White "Hauchard, Arnaud"]
[Black "Morris, Charles F"]
[Result "1-0"]
[WhiteElo "2510"]
[BlackElo "2215"]

1.c4 c6 2.e4 e5 3.Nf3 d6 4.d4 Nd7 5.Nc3 g6 6.Be2 Bg7 7.O-O Qc7 8.b3 a6 9.Be3 exd4
10.Bxd4 Ngf6 11.Re1 O-O 12.h3 Re8 13.Qc2 Bh6 14.Bf1 Ne5 15.Nh2 Nh5 16.Rad1 f5
17.c5 Bf8 18.Na4 dxc5 19.Bxc5 Be6 20.Bxf8 Kxf8 21.exf5 Bxf5 22.Qc5+ Kg8 23.g4 Kh8
24.gxh5 gxh5 25.Kh1 Qg7 26.Qc3 Re6 27.Nf3 Nxf3 28.Qxf3 Rf6 29.Qg3 Bg6 30.Nb6 Raf8
31.Bg2 Rxf2 32.Nd7 R8f4 33.Ne5 h4 34.Rd8+ Rf8 35.Nxg6+ Qxg6 36.Rxf8+ Rxf8
37.Qc3+ Qg7 38.Qxg7+ Kxg7 39.Re4 Rf2 40.a4 b5 41.Rg4+  1-0

[Event "Pula op"]
[Site "Pula"]
[Date "1997.??.??"]
[Round "5"]
[White "Lalic, Bogdan"]
[Black "Ionescu, Mihai"]
[Result "1-0"]
[WhiteElo "2585"]
[BlackElo "2395"]

1.c4 c6 2.e4 e5 3.Nf3 d6 4.d4 Nd7 5.Nc3 Ngf6 6.Be2 Be7 7.O-O O-O 8.Qc2 Re8
9.Rd1 Qc7 10.h3 a6 11.Be3 b5 12.b4 Bb7 13.dxe5 dxe5 14.Qb3 c5 15.cxb5 cxb4
16.Nd5 Bxd5 17.exd5 axb5 18.Rac1 Qb8 19.d6 Bxd6 20.Ng5 Rf8 21.Rc6 Be7 22.Qc2 g6
23.h4 Ra3 24.Rd3 Rxd3 25.Qxd3 Rc8 26.Rxc8+ Qxc8 27.Qb3 Qf8 28.Bxb5 Kg7 29.Nxf7 Ng4
30.Bxd7 Nxe3 31.Nxe5 Qf4 32.Qxe3  1-0

[Event "Santiago op"]
[Site "Santiago de Chile"]
[Date "1997.??.??"]
[Round "7"]
[White "Guerb, Leonid"]
[Black "Bombardiere Rosas, Eduardo"]
[Result "0-1"]
[WhiteElo "2220"]
[BlackElo "2250"]

1.c4 c6 2.e4 d5 3.exd5 cxd5 4.d4 e6 5.Nc3 Nf6 6.Nf3 Be7 7.cxd5 Nxd5 8.Bc4 Nxc3
9.bxc3 Nd7 10.O-O O-O 11.Re1 Qc7 12.Qd3 Nf6 13.Bb3 b6 14.Bc2 Bb7 15.Ne5 g6
16.Bd2 Rfd8 17.Re3 Rac8 18.Rae1 Bf8 19.Rh3 Bg7 20.Bg5 Rd6 21.Bf4 Nd5 22.Bg3 Qxc3
23.Nxg6 Qxe1+ 24.Qf1 Qxf1+ 25.Kxf1 Ba6+  0-1

[Event "Schwaebisch Gmuend op"]
[Site "Schwaebisch Gmuend"]
[Date "1997.??.??"]
[Round "7"]
[White "Scholl, Maria"]
[Black "Metz, Hartmut"]
[Result "0-1"]
[WhiteElo "2020"]
[BlackElo "2310"]

1.c4 c6 2.Nf3 d5 3.cxd5 cxd5 4.g3 Nf6 5.Bg2 Nc6 6.d4 a6 7.O-O Bf5 8.Nc3 e6
9.Bf4 Be7 10.Ne5 Nxe5 11.Bxe5 O-O 12.Qb3 b5 13.Rfc1 Rc8 14.a4 b4 15.Na2 Qb6
16.Bxf6 Bxf6 17.e3 a5 18.Bf1 Qb7 19.Nc3 Qc7 20.Nxd5 Qxc1 21.Rxc1 Rxc1 22.Nxf6+ gxf6
23.Kg2 Be4+ 24.f3 Bd5 25.Qd3 Bc4 26.Qxc4 Rxc4 27.Bxc4 Rc8 28.Bb3 Rc1  0-1

[Event "Schwaebisch Gmuend op"]
[Site "Schwaebisch Gmuend"]
[Date "1997.??.??"]
[Round "8"]
[White "Pribyl, Josef"]
[Black "Oparaugo, Thomas"]
[Result "1-0"]
[WhiteElo "2460"]
[BlackElo "2120"]

1.c4 c6 2.b3 d5 3.Bb2 Nf6 4.g3 g6 5.Bg2 Bg7 6.Nf3 Qb6 7.cxd5 Ne4 8.d4 cxd5
9.O-O Nc6 10.Nc3 Nxc3 11.Bxc3 O-O 12.e3 Bf5 13.Ne5 Rac8 14.Rc1 Rfd8 15.Qd2 Bxe5
16.dxe5 d4 17.exd4 Nxd4 18.Qe3 Nc6 19.Qxb6 axb6 20.Rfd1 Kf8 21.f4 Ke8 22.Kf2 h5
23.Ke3 Rxd1 24.Rxd1 Rd8 25.Rxd8+ Kxd8 26.b4 Kc7 27.b5 Na7 28.Bb4 Nc8 29.Bd5 e6
30.Bc4 Bh3 31.a3 Kd7 32.Kd4 Bg2 33.Bd3 Ne7 34.Bxe7 Kxe7 35.Be4 Bxe4 36.Kxe4 Kd7
37.Kf3 Ke7 38.Kg2 f6 39.Kf3 g5  1-0

[Event "Schwaebisch Gmuend op"]
[Site "Schwaebisch Gmuend"]
[Date "1997.??.??"]
[Round "9"]
[White "Adamski, Jan"]
[Black "Rupp, Markus"]
[Result "1-0"]
[WhiteElo "2395"]
[BlackElo "2080"]

1.c4 c6 2.Nf3 d5 3.Qc2 Nf6 4.g3 e6 5.Bg2 Nbd7 6.d4 Bd6 7.Nbd2 Qe7 8.O-O O-O
9.b3 e5 10.dxe5 Nxe5 11.Bb2 Bg4 12.e3 Rfe8 13.cxd5 Nxd5 14.a3 h6 15.Rfe1 Nf6
16.Nd4 Qd7 17.f4 Ng6 18.Nc4 Bc7 19.e4 Rad8 20.e5 Nd5 21.e6 Qc8 22.h3 c5 23.hxg4 cxd4
24.exf7+ Kxf7 25.Rxe8  1-0

[Event "Seefeld op"]
[Site "Seefeld"]
[Date "1997.??.??"]
[Round "?"]
[White "Joerdens, Detlef"]
[Black "Voss, Ingo"]
[Result "1/2-1/2"]
[WhiteElo "2040"]
[BlackElo "2230"]

1.c4 c6 2.Nf3 Nf6 3.Nc3 d5 4.cxd5 cxd5 5.d4 Nc6 6.e3 Bf5 7.Bb5 e6 8.O-O Bd6
9.a3 O-O 10.Ba4 Rc8 11.Bc2 Bg4 12.Qd3 Bxf3 13.gxf3 g6 14.f4 Ne7 15.f3 Nh5
16.Bd2 Nf5 17.Qe2 Nfg7 18.Rac1 Kh8 19.Be1 Rg8 20.Kh1 a6 21.Rg1 Qf6 22.Bf2 Rc7
23.Qe1 Qd8 24.Qd2 Rc6 25.Ne2 Qe7 26.Ba4 Rcc8 27.Rxc8 Rxc8 28.Rc1 Rxc1+ 29.Qxc1 Qc7
30.Qxc7 Bxc7 31.Bc2 Nf5 32.a4 Nd6 33.b3 Ba5 34.Ng3 Ng7 35.Kg1 Bd2 36.Kf1 Ngf5
37.Nxf5 Nxf5 38.Bxf5 gxf5 39.Ke2  1/2-1/2

[Event "BUL-ch"]
[Site "Shumen"]
[Date "1997.??.??"]
[Round "4"]
[White "Nikolov, Rosen"]
[Black "Angelov, Emil"]
[Result "1-0"]
[WhiteElo "2100"]
[BlackElo "2265"]

1.c4 c6 2.d4 d5 3.Nc3 Bf5 4.Nf3 e6 5.Bf4 Nf6 6.e3 Nbd7 7.h3 a6 8.c5 b5 9.Bd3 Bxd3
10.Qxd3 Be7 11.O-O O-O 12.Rfb1 a5 13.a4 b4 14.Ne2 Ne4 15.Nd2 Nxd2 16.Qxd2 f6
17.Nc1 e5 18.Bh2 e4 19.Nb3 Rf7 20.Rf1 f5 21.Kh1 Nf8 22.f3 exf3 23.Rxf3 Ne6
24.Raf1 g6 25.Qe2 Ng5 26.Rf4 Ne4 27.g4 Bg5 28.R4f3 Qd7 29.gxf5 gxf5 30.Be5 h6
31.Qg2 Kh7 32.Rg1 Rg8 33.h4 Rff8 34.hxg5 Rxg5 35.Qh2 Rfg8 36.Rxg5 Rxg5 37.Bf4 Rg6
38.Nd2 Qe6 39.Rh3 Nxd2 40.Qxd2 Qe4+ 41.Kh2 b3 42.Rg3 Rg4 43.Rxg4 fxg4 44.Qf2 Qc2
45.Kg3 Kg6 46.Be5 Qf5 47.Qxf5+ Kxf5 48.Bc7 Ke4 49.Bxa5  1-0

[Event "Pools schev"]
[Site "Singapore"]
[Date "1997.??.??"]
[Round "2"]
[White "Barcenilla, Rogelio"]
[Black "Ong Chong Ghee"]
[Result "1-0"]
[WhiteElo "2465"]
[BlackElo "2315"]

1.c4 c6 2.Nf3 Nf6 3.g3 d5 4.b3 Bg4 5.Bg2 Nbd7 6.Bb2 e6 7.O-O Be7 8.d3 a5
9.Nc3 O-O 10.Qc2 Re8 11.h3 Bh5 12.Rfd1 Bf8 13.Rac1 Qb8 14.e4 d4 15.Ne2 c5
16.Rb1 Bd6 17.Bc1 Qc7 18.Nh4 Bxe2 19.Qxe2 g6 20.f4 Nh5 21.Qf3 Be7 22.g4 Ng7
23.Qg3 Nb8 24.e5 Nc6 25.a4 Rf8 26.Nf3 f6 27.Rb2 Ra6 28.Re1 Qd8 29.exf6 Bxf6
30.Re4 Qc7 31.Bf1 Be7 32.h4 Rb6 33.Be2 Nb4 34.Ng5 Ra6 35.Bf1 h6 36.Nf3 Bd6
37.Ne5 Bxe5 38.Rxe5 Qe7 39.f5 Nc6 40.Re1 gxf5 41.Bxh6 Kh8 42.gxf5 Rg8 43.Rg2 Raa8
44.Bxg7+ Rxg7 45.Qf3 Qxh4 46.Re4 Qh6 47.Rxe6 Rxg2+ 48.Bxg2 Qc1+ 49.Kh2 Kg7
50.Qg3+ Kf8 51.Qd6+ Kf7 52.Rf6+ Kg7 53.Rg6+  1-0

[Event "RUS-Cup8"]
[Site "Smolensk"]
[Date "1997.??.??"]
[Round "3"]
[White "Newerovski, Gennadi"]
[Black "Kharitonov, Andrei Y"]
[Result "0-1"]
[WhiteElo "2370"]
[BlackElo "2520"]

1.c4 c6 2.d4 d5 3.Nc3 Nf6 4.Nf3 e6 5.Bg5 Nbd7 6.e3 Be7 7.Qc2 O-O 8.O-O-O b6
9.Ne5 Bb7 10.f4 Rc8 11.Bd3 h6 12.Bxf6 Nxf6 13.Kb1 Bb4 14.a3 Bxc3 15.Qxc3 c5
16.dxc5 Rxc5 17.Qd2 Qa8 18.cxd5 Bxd5 19.Rhg1 Rfc8 20.Rc1 Ne4 21.Bxe4 Bxe4+
22.Ka1 f6 23.Nf3 Rxc1+ 24.Rxc1 Rxc1+ 25.Qxc1 Qd5 26.Nd4 e5 27.fxe5 fxe5 28.Ne2 Bxg2
29.Qc8+ Kh7 30.Nc3 Qf7 31.Qb8 Qf1+ 32.Ka2 Qc4+ 33.Ka1 Qc5 34.Qxa7 Qxe3 35.Qf7 Qc1+
36.Ka2 Qf4 37.Qe6 Bf1 38.Qxb6 Bc4+ 39.Kb1 Qf1+ 40.Kc2 Qg2+ 41.Kb1 Qh1+ 42.Kc2 Qxh2+
43.Kb1 Qh1+ 44.Kc2 Qg2+ 45.Kb1 Qf1+ 46.Kc2 Qd3+ 47.Kc1 e4 48.Qf2 e3 49.Qc2 Qxc2+
50.Kxc2 h5 51.b3 e2 52.Kd2 Bxb3 53.Kxe2 g5 54.a4 Kg6 55.a5 Bc4+ 56.Ke3 h4
57.Ne4 Bd5 58.a6 h3  0-1

[Event "RUS-Cup8"]
[Site "Smolensk"]
[Date "1997.??.??"]
[Round "4"]
[White "Vaulin, Alexander"]
[Black "Alavkin, Arseny"]
[Result "1-0"]
[WhiteElo "2490"]
[BlackElo "2375"]

1.c4 c6 2.d4 d5 3.Nf3 e6 4.Qc2 Nf6 5.Bg5 Be7 6.e3 Nbd7 7.Nbd2 O-O 8.Bd3 dxc4
9.Nxc4 h6 10.Bh4 Nd5 11.Bxe7 Qxe7 12.a3 c5 13.O-O b6 14.Nfe5 cxd4 15.Nc6 Qc5
16.Nxd4 Bb7 17.Rac1 Qe7 18.Nb5 Ba6 19.Ncd6 Ne5 20.Bh7+ Kh8 21.Be4 Rad8 22.Qa4 Bxb5
23.Nxb5 Qh4 24.Nc3 Nxc3 25.Rxc3 Rd2 26.Rc2 Rxc2 27.Qxc2 Qe7 28.Rc1 Rd8 29.h3 f5
30.Qc3 Nf7 31.Bb1 Qd6 32.Ba2 Ng5 33.Bb3 Ne4 34.Qb4 a5 35.Qxd6 Rxd6 36.Rc8+ Kh7
37.f3 Nc5 38.Bc4 Rd1+ 39.Kh2 Rb1 40.b3 Re1 41.b4 axb4 42.axb4 Na4 43.Bxe6 Rxe3
44.Bxf5+ g6 45.Rc7+  1-0

[Event "Solin"]
[Site "Solin"]
[Date "1997.??.??"]
[Round "7"]
[White "Kovacevic, Vlatko"]
[Black "Dizdarevic, Emir"]
[Result "1/2-1/2"]
[WhiteElo "2480"]
[BlackElo "2540"]

1.c4 c6 2.Nf3 d5 3.e3 Nf6 4.Nc3 e6 5.b3 Bd6 6.Bb2 O-O 7.d4 Nbd7 8.Be2 b6
9.O-O Bb7 10.Rc1 Ne4 11.cxd5 Nxc3 12.Rxc3 cxd5 13.Qb1 Rc8 14.Rxc8 Qxc8 15.Rc1 Qb8
16.h3 Qc8  1/2-1/2

[Event "POL-ch"]
[Site "Sopot"]
[Date "1997.??.??"]
[Round "7"]
[White "Krasenkow, Michal"]
[Black "Sapis, Witalis"]
[Result "1/2-1/2"]
[WhiteElo "2615"]
[BlackElo "2430"]

1.c4 c6 2.Nf3 d5 3.d4 Nf6 4.Nc3 dxc4 5.a4 Bg4 6.Ne5 Bh5 7.f3 Nfd7 8.Nxc4 e5
9.Be3 Bg6 10.h4 f6 11.dxe5 Nxe5 12.Qxd8+ Kxd8 13.Nxe5 fxe5 14.h5 Bc2 15.h6 Nd7
16.hxg7 Bxg7 17.a5 Nf8 18.Bh6 Bf6 19.Bxf8 Rxf8 20.e4 Bb3 21.Rxh7 Rf7 22.Rh6 Ke7
23.Ra3 Be6 24.Ra4 Rg7 25.Rb4 Rb8 26.Kf2 Bg5 27.Rh1 b5 28.axb6 Rxb6 29.Rxb6 axb6
30.Rh8 Bc1 31.Nd1 Kd6 32.g4 Rf7 33.Bh3 b5 34.Ne3 Bxb2 35.g5 Bxh3 36.Rxh3 Bd4
37.Ke2 Bxe3 38.Kxe3 Rg7 39.Rh6+ Kc5 40.f4 exf4+ 41.Kxf4 b4 42.g6 b3 43.Kf5 b2
44.Rh1 Rb7 45.Rb1 Kd4 46.e5 c5 47.e6 c4  1/2-1/2

[Event "POL-ch"]
[Site "Sopot"]
[Date "1997.??.??"]
[Round "7"]
[White "Urban, Klaudiusz"]
[Black "Kuczynski, Robert"]
[Result "1/2-1/2"]
[WhiteElo "2490"]
[BlackElo "2500"]

1.c4 c6 2.d4 d5 3.Nc3 Nf6 4.Nf3 e6 5.cxd5 exd5 6.Bg5 h6 7.Bh4 Bf5 8.Qb3 g5
9.Bg3 Qb6 10.Qxb6 axb6 11.h4 g4 12.Ne5 Nbd7  1/2-1/2

[Event "St Heliers op"]
[Site "St Heliers"]
[Date "1997.??.??"]
[Round "6"]
[White "Webster, Andrew"]
[Black "Okosieme, Iozeph"]
[Result "1-0"]
[WhiteElo "2415"]
[BlackElo "2050"]

1.c4 c6 2.Nf3 Nf6 3.g3 d5 4.b3 Bf5 5.Ba3 g6 6.d3 Bg7 7.Nbd2 O-O 8.Bg2 Re8
9.Bb2 Nbd7 10.Nh4 Bg4 11.h3 Be6 12.Nhf3 Nc5 13.Qc2 Na6 14.O-O Bf5 15.a3 Rc8
16.b4 dxc4 17.Nxc4 b5 18.Nce5 c5 19.Ng5 cxb4 20.Qb3 e6 21.axb4 Nd5 22.Ngxf7 Qb6
23.e4 Ndxb4 24.exf5 Rc2 25.Rxa6 Rxb2 26.Rxb6 Rxb3 27.Rxe6 Rf8 28.f6 Rxf7
29.Nxf7 Kxf7 30.fxg7  1-0

[Event "White Nights op"]
[Site "St Petersburg"]
[Date "1997.??.??"]
[Round "?"]
[White "Shushpanov, Vladimir"]
[Black "Ioffe, A."]
[Result "1/2-1/2"]
[WhiteElo "2385"]
[BlackElo "2295"]

1.c4 c6 2.e4 d5 3.exd5 cxd5 4.cxd5 Nf6 5.Bb5+ Nbd7 6.Nc3 a6 7.Qa4 Rb8 8.Bxd7+ Qxd7
9.Qxd7+ Bxd7 10.d4 Bf5 11.Bg5 Ne4 12.Bf4 Rd8 13.Nge2 Nf6 14.O-O-O Nxd5 15.Nxd5 Rxd5
16.Nc3 Rd7 17.d5 g6 18.f3 h5 19.Rhg1 h4 20.g4 hxg3 21.hxg3 Rh2 22.Rd2 Rxd2
23.Bxd2 Bg7 24.Rd1 Bxc3  1/2-1/2

[Event "Stockholm"]
[Site "Stockholm"]
[Date "1997.??.??"]
[Round "9"]
[White "Olafsson, Helgi"]
[Black "Hultin, Johan"]
[Result "1-0"]
[WhiteElo "2505"]
[BlackElo "2355"]

1.c4 c6 2.d4 d5 3.e3 Bf5 4.Qb3 Qc7 5.cxd5 cxd5 6.Nc3 e6 7.Bd2 Nf6 8.Rc1 Nc6
9.f3 a6 10.Na4 Bd6 11.Qb6 Rc8 12.Qxc7 Rxc7 13.Ne2 Ke7 14.Kf2 h5 15.h4 Rhc8
16.Nb6 Re8 17.Nf4 Kf8 18.Be2 Rd8 19.a3 Bg6 20.Nxg6+ fxg6 21.Bd3 Kf7 22.b4 Ne7
23.Rxc7 Bxc7 24.Na4 Nf5 25.Nc5 Rb8 26.a4 Bg3+ 27.Ke2 Bd6 28.Be1 e5 29.Bxf5 gxf5
30.Bg3 f4 31.dxe5 Bxe5 32.Bxf4 Bxf4 33.exf4 Re8+ 34.Kd3 Re7 35.Rd1 Ne8 36.Kc3 Nf6
37.Rd2 Kg6 38.Kd4 Kf5 39.g3 Kg6 40.Rd3 Rc7 41.a5 Rc6 42.Rc3 Rc7 43.Re3 Kf7
44.Re6 Nd7 45.Rd6  1-0

[Event "SVK-chT3a 9697"]
[Site "?"]
[Date "1997.??.??"]
[Round "5"]
[White "Harasta, Vladimir"]
[Black "Kolesar, Milan"]
[Result "0-1"]
[WhiteElo "2160"]
[BlackElo "2240"]

1.c4 c6 2.d4 d5 3.cxd5 cxd5 4.Nf3 Nf6 5.Nc3 Nc6 6.Bf4 a6 7.e3 Bg4 8.h3 Bxf3
9.Qxf3 e6 10.Bd3 Be7 11.O-O O-O 12.Rac1 Rc8 13.Qe2 Nd7 14.Bb1 Nb6 15.Rfd1 Bf6
16.Na4 Nxa4 17.Qc2 g6 18.Qxa4 Qb6 19.Bd6 Nxd4 20.Bxf8 Ne2+ 21.Kh1 Nxc1 22.Ba3 Bxb2
23.Bxb2 Qxb2 24.Qd7 Rf8 25.Qc7 Nxa2 26.Bxa2 Qxa2 27.Qf4 Rc8 28.Qf6 Qc2 29.Rd4 Qc1+
30.Kh2 Qc7+ 31.g3 Qd8 32.Qe5 Qe7 33.Rf4 b5 34.h4 h5 35.Kg2 Rc4 36.Qb8+ Qf8
37.Qb7 Rxf4 38.gxf4 Qd6 39.Qc8+ Kg7 40.Qc3+ d4 41.Qa1 Kh7 42.exd4 Qxf4 43.Qxa6  0-1

[Event "SVK-chT 9697"]
[Site "SVK"]
[Date "1997.??.??"]
[Round "2"]
[White "Biro, Karol"]
[Black "Blaho, Stefan"]
[Result "1-0"]
[WhiteElo "2210"]
[BlackElo "2160"]

1.c4 c6 2.d4 d5 3.Nf3 e6 4.Nc3 Nf6 5.Bg5 h6 6.Bh4 Be7 7.e3 Nbd7 8.Qc2 a6
9.cxd5 exd5 10.Bd3 Nf8 11.h3 Be6 12.g4 h5 13.g5 N6h7 14.g6 Bxh4 15.Nxh4 Qxh4
16.gxh7 g6 17.O-O-O O-O-O 18.Na4 Kb8 19.Nc5 Bc8 20.Bxa6 bxa6 21.Rd3 Ne6 22.Rb3+ Kc7
23.Nd3 Qe4 24.Rg1 Bd7 25.Qc3 Rb8 26.Qa5+ Kd6 27.Qa3+ Kc7 28.Rc3 Rxh7 29.Qxa6 Kd8
30.Ne5 Rc8 31.Qb7 Rc7 32.Qb8+ Ke7 33.b4 Be8 34.b5 f6 35.b6 Rd7 36.Nxd7 Bxd7
37.b7 Nd8 38.Rb3 Nxb7 39.Rxb7 Qf5  1-0

[Event "SVK-chT 9798"]
[Site "SVK"]
[Date "1997.??.??"]
[Round "3"]
[White "Marek, Stanislav"]
[Black "Kolesar, Milan"]
[Result "1-0"]
[WhiteElo "2130"]
[BlackElo "2225"]

1.c4 c6 2.Nc3 d5 3.d4 Nf6 4.e3 g6 5.Nf3 Bg7 6.Be2 O-O 7.O-O Bg4 8.cxd5 cxd5
9.h3 Bxf3 10.Bxf3 e6 11.Bd2 Nc6 12.Rc1 Rc8 13.Ne2 Qb6 14.b3 Rfd8 15.Nc3 Bf8
16.Na4 Qc7 17.b4 Qe7 18.a3 Nb8 19.Qb3 b6 20.Rc2 Qd7 21.Rfc1 Bd6 22.Be2 Rxc2
23.Rxc2 Ne4 24.Be1 h5 25.Bd3 Nf6 26.Nc3 Rc8 27.Nb5 Rxc2 28.Qxc2 Be7 29.Bd2 Kg7
30.g3 Nc6 31.Kg2 Bd8 32.Nc3 Ne7 33.Ne2 Nf5 34.a4 Bc7 35.Nc3 h4 36.g4 Nd6
37.f4 Nfe4 38.Nxe4 Nxe4 39.Bxe4 dxe4 40.b5 f5 41.g5 Bd6 42.Be1 Be7 43.Bxh4 Kf7
44.Be1 Qd6 45.Qb3 Ke8 46.Bc3 Qd5 47.Qd1 Qc4 48.Be1 Kd7 49.h4 Kd6 50.h5 gxh5
51.Qxh5 Kd5 52.Bf2 Qc8 53.Qh7 Qf8 54.Bh4 Kc4 55.g6 Bf6 56.Bxf6 Qb4 57.Qh4 Kd3
58.g7  1-0

[Event "SVK-chT 9697"]
[Site "SVK"]
[Date "1997.??.??"]
[Round "5"]
[White "Lembak, Jurij"]
[Black "Maros, Milan"]
[Result "1/2-1/2"]
[WhiteElo "2310"]
[BlackElo "2255"]

1.c4 c6 2.e4 d5 3.cxd5 cxd5 4.d4 Nf6 5.Nc3 Nc6 6.Nf3 Bg4 7.exd5 Nxd5 8.Be2 e6
9.O-O Be7 10.Qb3 Qb6 11.Qb5 Qxb5 12.Bxb5 Bxf3 13.gxf3 O-O-O 14.Be3 Kb8 15.Rfc1 Rc8
16.Nxd5 exd5 17.Rc3 Bf6 18.Rac1 Bxd4 19.Bf4+ Be5 20.Rxc6 Bxf4 21.Rxc8+ Rxc8
22.Rd1 Rc1 23.Rxc1 Bxc1 24.b3 Kc7 25.Kf1 Kd6 26.Ke2 Ke5 27.Kd3 f6 28.Bd7 g5
29.Bc8 b6 30.Bb7 Ba3 31.f4+ Kxf4 32.Bxd5 g4 33.Ke2 b5 34.Be6 b4 35.h3 gxh3
36.Bxh3 Bb2 37.Bg2 Bd4 38.Bd5 a5 39.Bg8 h6 40.Bc4 Bb6 41.Bb5 Ke4 42.Bd7 Kd4
43.Kd2 Bc7 44.Ba4 Bf4+ 45.Ke2 Kc3 46.Kf3 Bd2 47.Kg4 Kb2 48.Kh5 Kxa2 49.Kg6 Bg5
50.f4  1/2-1/2